A Guide to archival sources for Italian-American art history in the Archives of American Art./ (Record no. 22274)
[ view plain ]
| 000 -LEADER | |
|---|---|
| fixed length control field | 01394cam a2200361 a 4500 |
| 001 - CONTROL NUMBER | |
| control field | 2507876 |
| 005 - DATE AND TIME OF LATEST TRANSACTION | |
| control field | 20170123162047.0 |
| 008 - FIXED-LENGTH DATA ELEMENTS--GENERAL INFORMATION | |
| fixed length control field | 920831s1994 dcua c 001 0 eng d |
| 010 ## - LIBRARY OF CONGRESS CONTROL NUMBER | |
| LC control number | 92082761 |
| 020 ## - INTERNATIONAL STANDARD BOOK NUMBER | |
| International Standard Book Number | 1880193035 |
| 035 ## - SYSTEM CONTROL NUMBER | |
| System control number | (OCoLC)30096514 |
| 040 ## - CATALOGING SOURCE | |
| Original cataloging agency | DSI |
| Transcribing agency | DSI |
| Modifying agency | IU |
| -- | DLC |
| 042 ## - AUTHENTICATION CODE | |
| Authentication code | lccopycat |
| 043 ## - GEOGRAPHIC AREA CODE | |
| Geographic area code | n-us--- |
| -- | e-it--- |
| -- | n-us-dc |
| 050 04 - LIBRARY OF CONGRESS CALL NUMBER | |
| Classification number | N6505 |
| Item number | .G85 1994 |
| 245 02 - TITLE STATEMENT | |
| Title | A Guide to archival sources for Italian-American art history in the Archives of American Art./ |
| 260 ## - PUBLICATION, DISTRIBUTION, ETC. (IMPRINT) | |
| Place of publication, distribution, etc. | Washington, D.C. : |
| Name of publisher, distributor, etc. | Archives of American Art, Smithsonian Institution, |
| Date of publication, distribution, etc. | [1994?] |
| 300 ## - PHYSICAL DESCRIPTION | |
| Extent | xi, 73 p. : |
| Other physical details | ill. ; |
| Dimensions | 28 cm. |
| 500 ## - GENERAL NOTE | |
| General note | Includes index. |
| 610 20 - SUBJECT ADDED ENTRY--CORPORATE NAME | |
| Corporate name or jurisdiction name as entry element | Archives of American Art |
| Form subdivision | Catalogs. |
| 650 #0 - SUBJECT ADDED ENTRY--TOPICAL TERM | |
| Topical term or geographic name as entry element | Art, American |
| Geographic subdivision | Italy |
| General subdivision | Sources |
| Form subdivision | Catalogs. |
| 650 #0 - SUBJECT ADDED ENTRY--TOPICAL TERM | |
| Topical term or geographic name as entry element | Artists |
| Geographic subdivision | United States |
| General subdivision | Biography |
| -- | Sources |
| Form subdivision | Catalogs. |
| 650 #0 - SUBJECT ADDED ENTRY--TOPICAL TERM | |
| Topical term or geographic name as entry element | Art, Italian |
| Geographic subdivision | United States |
| General subdivision | Sources |
| Form subdivision | Catalogs. |
| 650 #0 - SUBJECT ADDED ENTRY--TOPICAL TERM | |
| Topical term or geographic name as entry element | Artists |
| Geographic subdivision | Italy |
| General subdivision | Biography |
| -- | Sources |
| Form subdivision | Catalogs. |
| 710 2# - ADDED ENTRY--CORPORATE NAME | |
| Corporate name or jurisdiction name as entry element | Archives of American Art. |
| 942 ## - ADDED ENTRY ELEMENTS (KOHA) | |
| Source of classification or shelving scheme | |
| Koha item type | Hard Covered Materials |
| Classification part | N6505 .G85 1994 |
| Withdrawn status | Lost status | Source of classification or shelving scheme | Damaged status | Not for loan | Home library | Current library | Shelving location | Date acquired | Source of acquisition | Total Checkouts | Full call number | Barcode | Date last seen | Price effective from | Koha item type |
|---|---|---|---|---|---|---|---|---|---|---|---|---|---|---|---|
| MACHAKOS UNIVERSITY LIBRARY | MACHAKOS UNIVERSITY LIBRARY | Technical section | 23/01/2017 | Donation(BFA) | N6505 .G85 1994 | 31826 | 10/07/2018 | 23/01/2017 | Hard Covered Materials |